00000000nam 2200000zi 4500
0019.950972
003CaOODSP
00520250509093230
006m     o  d f      
007cr |n|||||||||
008250509t19931993onc     ob   f000 0 eng d
020 |z0660151448
040 |aCaOODSP|beng|erda|cCaOODSP
043 |an-cn---
0861 |aSW45-1/1993E-PDF|zSW45-1/1993E
1101 |aCanada.|bCanadian Panel on Violence against Women, |eauthor, |eissuing body.
24510|aFinal report of the Canadian Panel on Violence Against Women.
24634|aChanging the landscape : |bending violence, achieving equality: final report
264 1|a[Ottawa] : |bThe Canadian Panel on Violence Against Women, |c[1993]
264 4|c©1993
300 |a1 online resource (1 volume in various pagings)
336 |atext|btxt|2rdacontent
337 |acomputer|bc|2rdamedia
338 |aonline resource|bcr|2rdacarrier
500 |aIssued also in French under title: Rapport final du Comité canadien sur la violence faite aux femmes.
500 |aDigitized edition from print [produced by Library and Archives Canada].
504 |aIncludes bibliographical references.
650 0|aWomen|xCrimes against|zCanada.
650 0|aWomen|xCrimes against|zCanada|xPrevention.
650 0|aWomen|xViolence against|zCanada.
650 0|aWomen|xViolence against|zCanada|xPrevention.
650 0|aAbused women|xGovernment policy|zCanada.
650 0|aVictims of crimes|xGovernment policy|zCanada.
77508|tRapport final du Comité canadien sur la violence faite aux femmes.|w(CaOODSP)9.950974
7760#|tChanging the landscape: ending violence, achieving equality: final report / |w(CaOODSP)9.644675
85640|qPDF|s328579 KB|uhttps://publications.gc.ca/collections/collection_2025/fegc-wage/SW45-1-1993-eng.pdf